000 00337nam a2200157Ia 4500
100 _aDubey/N.H
650 _aEngineering Drawing
942 _cBK
654 _adrawing
245 _aEngineering Drawing
260 _bNandu Book House
_aMumbai
_c2005
082 _a604.2/DUB
_bDUB
300 _a376
546 _aENGLISH
999 _c29524
_d29524